| 000 | 00538nam a2200133Ia 4500 | ||
|---|---|---|---|
| 008 | 100122s9999 xx 000 0 und d | ||
| 082 |
_b32630 _a821 |
||
| 100 | _aदेशपांडे ज शा | ||
| 245 | _aप्राचीन मराठी कविता (खंड 7 वा) | ||
| 260 |
_bपु.वि.गाडगीळ _c1973 |
||
| 630 | _aप्राचीन मराठी कविता (खंड 7 वा) | ||
| 730 | _aप्राचीन मराठी कविता (खंड 7 वा) | ||
| 942 | _cBOOK | ||
| 999 |
_c416954 _d416951 |
||